Normal view
MARC view
- X-rays
Entry Topical Term
001 - CONTROL NUMBER
- control field: 85313
003 - CONTROL NUMBER IDENTIFIER
- control field: NUST
005 - DATE AND TIME OF LATEST TRANSACTION
- control field: 20211130113406.0
008 - FIXED-LENGTH DATA ELEMENTS
- fixed length control field: 211130|| aca||aabn | a|a d
040 ## - CATALOGING SOURCE
- Original cataloging agency: NUST
- Transcribing agency: NUST
150 ## - HEADING--TOPICAL TERM
- Topical term or geographic name entry element: X-rays
- General subdivision: Diffraction
670 ## - SOURCE DATA FOUND
- Source citation: Work cat.: (NUST)33487: Chung, Frank H. 85311, Industrial applications of X-ray diffraction /, c2000.
